Epidemic leadership : (Record no. 4976)

000 -LEADER
fixed length control field 00675nam a2200229 a 4500
005 - DATE AND TIME OF LATEST TRANSACTION
control field 20230223160821.0
008 - FIXED-LENGTH DATA ELEMENTS--GENERAL INFORMATION
fixed length control field 230223t2021 nju||||| |||| 00| 0 eng d
020 ## - INTERNATIONAL STANDARD BOOK NUMBER
International Standard Book Number 9781119787457
040 ## - CATALOGING SOURCE
Original cataloging agency AKMAL
082 ## - DEWEY DECIMAL CLASSIFICATION NUMBER
Classification number 658.4092 LAR
090 ## - LOCALLY ASSIGNED LC-TYPE CALL NUMBER (OCLC); LOCAL CALL NUMBER (RLIN)
Classification number (OCLC) (R) ; Classification number, CALL (RLIN) (NR) 658.4092
Local cutter number (OCLC) ; Book number/undivided call number, CALL (RLIN) LAR
100 ## - MAIN ENTRY--PERSONAL NAME
Personal name Larry McEvoy, MD
9 (RLIN) 9527
245 ## - TITLE STATEMENT
Title Epidemic leadership :
Remainder of title how to lead infectiously in the era of big problems /
Statement of responsibility, etc. Larry McEvoy
260 ## - PUBLICATION, DISTRIBUTION, ETC.
Place of publication, distribution, etc. New Jersey :
Name of publisher, distributor, etc. John Wiley & Sons,
Date of publication, distribution, etc. 2021
300 ## - PHYSICAL DESCRIPTION
Extent xviii, 238p. :
Dimensions 23cm
500 ## - GENERAL NOTE
General note Includes index
599 ## - LOCAL NOTE
Local Note DALAM PROSES
650 ## - SUBJECT ADDED ENTRY--TOPICAL TERM
Topical term or geographic name entry element Leadership
650 ## - SUBJECT ADDED ENTRY--TOPICAL TERM
Topical term or geographic name entry element Organizational charge
9 (RLIN) 9528
650 ## - SUBJECT ADDED ENTRY--TOPICAL TERM
Topical term or geographic name entry element Epidemics
9 (RLIN) 9529
942 ## - ADDED ENTRY ELEMENTS (KOHA)
Source of classification or shelving scheme
Koha item type Book
Holdings
Withdrawn status Lost status Source of classification or shelving scheme Damaged status Not for loan Collection code Home library Current library Shelving location Date acquired Inventory number Total Checkouts Full call number Barcode Date last seen Price effective from Koha item type
          NON-FICTION AKMAL Melaka AKMAL Melaka PINJAMAN 23.02.2023 011530   658.4092 LAR 201708194 23.02.2023 23.02.2023 Book
Pusat Sumber Maklumat Dato' Haji Sarmin Md Hussin, Akademi Kastam Diraja Malaysia, Melaka
Tel: 06-2331106 | Faks: 06-2313787